Top Twenty Insurance Companies - Statistics

General Stats
  • This quiz has been taken 45 times
  • The average score is 4 of 20
Answer Stats
Hint Answer % Correct
1. State Farm
49%
13. American Intl Group
46%
3. Progressive
46%
4. Allstate
36%
8. Chubb
36%
5. Liberty Mutual
33%
2. Berkshire Hathaway
31%
6. Travelers
31%
10. Farmers
23%
12. Hartford
21%
17. Munich Re America
18%
9. Nationwide
15%
7. USAA
15%
18. W. R. Berkley
10%
20. CNA
8%
16. Tokio Marine
8%
15. Auto-Owners
5%
19. Erie
5%
14. Fairfax Financial
5%
11. American Family Insurance
3%
No matching quizzes found
Score Distribution
Percent of People with Each Score
Percentile by Number Answered
Your Score History
You have not taken this quiz